000
00322nam a2200133Ia 4500
008
240624s9999 xx 000 0 und d
041
_a
eng
082
_a
658.401 PRI
100
_a
PRITCHETT PRICE
245
_a
DEEP STRENGTHS
260
_a
New Delhi
_b
Tata McGraw-Hill
300
_a
129 : p. : cm. ; 22
365
_c
RS
_b
33
999
_c
26349
_d
26349